| 000 | 00903aam a2200313a 44500 | ||
|---|---|---|---|
| 008 | 061214s2005 cat | ||
| 017 | _aPM-2592-2005 | ||
| 041 | _acat | ||
| 041 | _bspa | ||
| 080 | _a642(038) | ||
| 245 | _aTaula parada: vocabulari català-castellà dels plats més usuals | ||
| 260 | _a[Palma de Mallorca] | ||
| 260 | _bConsell de Mallorca. Direcció Insular de Política Lingüística | ||
| 260 | _c2005 | ||
| 300 |
_a79 p. _c17 cm |
||
| 520 | _a836 | ||
| 591 | _a9361 | ||
| 592 | _aObra terminològica | ||
| 593 | _aKQ | ||
| 594 | _a9361 | ||
| 650 |
_agastronomia _960827 |
||
| 856 | _uhttps://llenguamallorca.cat/sites/default/files/documents/Taula%20parada.pdf | ||
| 901 | _c<2005> | ||
| 902 | _a061214 | ||
| 942 |
_cMO _n0 _2ddc |
||
| 999 |
_c64158 _d64158 |
||